Cassette Beasts - All Beasts - Statistics

General Stats
  • This quiz has been taken 8 times
  • The average score is 90 of 144
Answer Stats
Bestiary # Beast % Correct
#071 Boltam
100%
#041 Bulletino
100%
#086 Jellyton
100%
#110 Kuneko
100%
#000 Magikrab
100%
#119 Miss Mimic
100%
#021 Ramtasm
100%
#111 Shining Kuneko
100%
#011 Traffikrab
100%
#052 Allseer
80%
#048 Apocrowlypse
80%
#113 Arkidd
80%
#117 Averevoir
80%
#019 Bansheep
80%
#069 Brushroom
80%
#014 Candevil
80%
#006 Carniviper
80%
#038 Cat-5
80%
#049 Clocksley
80%
#025 Decibelle
80%
#045 Diveal
80%
#030 Dominoth
80%
#070 Fungogh
80%
#044 Gearyu
80%
#118 Glaistain
80%
#018 Gumbaal
80%
#002 Hopskin
80%
#008 Jormungold
80%
#116 Khepri
80%
#037 Kittelly
80%
#013 Lobstacle
80%
#080 Mascotoy
80%
#007 Masquerattle
80%
#016 Miasmodeus
80%
#??? Minosteam
80%
#032 Mothmanic
80%
#047 Nevermort
80%
#129 Pawper
80%
#130 Pawprince
80%
#121 Pinbolt
80%
#104 Pombomb
80%
#088 Regensea
80%
#050 Robindam
80%
#005 Scampire
80%
#024 Sirenade
80%
#004 Snoopin
80%
#087 Spirouette
80%
#001 Springheel
80%
#033 Tokusect
80%
#042 Velocirifle
80%
#012 Weevilite
80%
#031 Wingloom
80%
#109 Zeustrike
80%
#123 Adeptile
60%
#010 Aeroboros
60%
#120 Anathema
60%
#043 Artillerex
60%
#023 Capricorpse
60%
#??? Charlequin
60%
#100 Cluckabilly
60%
#107 Cryoshear
60%
#122 Diveberg
60%
#091 Draculeaf
60%
#066 Elfless
60%
#068 Faerious
60%
#029 Folklord
60%
#099 Fountess
60%
#079 Galagor
60%
#089 Jumpkin
60%
#053 Khufo
60%
#094 Kingrave
60%
#085 Kirikuri
60%
#??? Littlered
60%
#028 Macabra
60%
#??? Majortom
60%
#015 Malchemy
60%
#035 Manispear
60%
#081 Mascotorn
60%
#??? Minortom
60%
#061 Muskrateer
60%
#092 Pawndead
60%
#128 Picksie
60%
#072 Plasmantler
60%
#039 Puppercut
60%
#060 Pyromeleon
60%
#095 Queenyx
60%
#062 Ratcousel
60%
#003 Ripterra
60%
#101 Rockertrice
60%
#??? Rosehood
60%
#059 Salamagus
60%
#057 Sanzatime
60%
#??? Scarleteeth
60%
#046 Scubalrus
60%
#093 Skelevangelist
60%
#040 Southpaw
60%
#105 Spitzfire
60%
#115 Spooki-onna
60%
#034 Squirey
60%
#078 Stardigrade
60%
#076 Terracooka
60%
#124 Trapwurm
60%
#054 Triphinx
60%
#??? Umbrahella
60%
#017 Vendemon
60%
#125 Wyrmaw
60%
#??? Amphare
40%
#127 Auriclaw
40%
#090 Beanstalker
40%
#083 Binterloper
40%
#082 Binvader
40%
#027 Blossomaw
40%
#055 Braxsuit
40%
#096 Burnace
40%
#073 Busheye
40%
#077 Coaldron
40%
#026 Dandylion
40%
#112 Djinn Entonic
40%
#098 Faucetear
40%
#126 Ferriclaw
40%
#056 Flapwoods
40%
#058 Fortiwinx
40%
#??? Fragliacci
40%
#064 Frillypad
40%
#067 Grampus
40%
#??? Hauntome
40%
#074 Huntorch
40%
#106 Icepeck
40%
#??? Lapacitor
40%
#065 Lilligator
40%
#063 Padpole
40%
#036 Palangolin
40%
#097 Smogmagog
40%
#108 Sparktan
40%
#051 Thwackalope
40%
#084 Twirligig
40%
#114 Undyin
40%
#020 Wooltergeist
40%
#022 Zombleat
40%
#??? Blunderbusk
20%
#075 Hedgeherne
20%
#102 Pondwalker
20%
#103 Sharktanker
20%
#009 Maridusa
0%
No matching quizzes found
Score Distribution
Percent of People with Each Score
Percentile by Number Answered
Your Score History
You have not taken this quiz